<?xml version="1.0" encoding="UTF-8"?><?xml-stylesheet type="text/xsl" href="static/style.xsl"?><OAI-PMH xmlns="http://www.openarchives.org/OAI/2.0/" xmlns:xsi="http://www.w3.org/2001/XMLSchema-instance" xsi:schemaLocation="http://www.openarchives.org/OAI/2.0/ http://www.openarchives.org/OAI/2.0/OAI-PMH.xsd"><responseDate>2026-06-02T02:14:05Z</responseDate><request verb="GetRecord" identifier="oai:riuma.uma.es:10630/32546" metadataPrefix="marc">https://riuma.uma.es/rest/oai/request</request><GetRecord><record><header><identifier>oai:riuma.uma.es:10630/32546</identifier><datestamp>2026-02-03T11:14:24Z</datestamp><setSpec>com_10630_2254</setSpec><setSpec>col_10630_37953</setSpec></header><metadata><record xmlns="http://www.loc.gov/MARC21/slim" xmlns:dcterms="http://purl.org/dc/terms/" xmlns:doc="http://www.lyncode.com/xoai" xmlns:xsi="http://www.w3.org/2001/XMLSchema-instance" xsi:schemaLocation="http://www.loc.gov/MARC21/slim http://www.loc.gov/standards/marcxml/schema/MARC21slim.xsd">
   <leader>00925njm 22002777a 4500</leader>
   <datafield ind2=" " ind1=" " tag="042">
      <subfield code="a">dc</subfield>
   </datafield>
   <datafield ind2=" " ind1=" " tag="720">
      <subfield code="a">Gutiérrez-Sánchez, José David</subfield>
      <subfield code="e">author</subfield>
   </datafield>
   <datafield ind2=" " ind1=" " tag="720">
      <subfield code="a">Martos Lozano, María</subfield>
      <subfield code="e">author</subfield>
   </datafield>
   <datafield ind2=" " ind1=" " tag="720">
      <subfield code="a">Estepa-Maestre, Francisco</subfield>
      <subfield code="e">author</subfield>
   </datafield>
   <datafield ind2=" " ind1=" " tag="260">
      <subfield code="c">2024-01-31</subfield>
   </datafield>
   <datafield ind2=" " ind1=" " tag="520">
      <subfield code="a">Este trabajo tiene por propósito central estudiar la inserción laboral de egresados de Trabajo Social de la Universidad Pablo de Olavide de Sevilla entre 2019 y 2022. Partiendo de la realización de un cuestionario a 68 jóvenes entre 20 y 32 años del Grado en Trabajo Social, Doble Grado en Trabajo Social y Educación Social y el Doble Grado de Trabajo Social y Sociología, se obtuvo información sobre aspectos socioeconómicos, formativos y laborales. Los resultados indican como aquellas personas recién graduadas albergan mayores dificultades en la obtención de un empleo propio de la profesión. Por otro lado, aquellas personas que previamente estudiaron formación profesional y posteriormente el Grado, disponen de probabilidades elevadas de encontrar empleo si se compara con aquellas que solo estudiaron la carrera. Además, estar colegiados profesionalmente cataliza la posibilidad de trabajar en el ámbito de estudio. Por último, cabe seguir explorando aquellas situaciones complejas a nivel personal y social que ralentizan los procesos de incorporación laboral y visibilizar aquellos aspectos que permiten una incorporación laboral más directa.</subfield>
   </datafield>
   <datafield ind1="8" ind2=" " tag="024">
      <subfield code="a">Gutiérrez Sánchez J. D. ., Martos Lozano M. y Estepa Maestre F. (2024). Inserción laboral de graduados en Trabajo Social: un estudio de caso en Andalucía. Cuadernos de Trabajo Social, 37(1), 115-125. https://doi.org/10.5209/cuts.89183</subfield>
   </datafield>
   <datafield ind1="8" ind2=" " tag="024">
      <subfield code="a">https://hdl.handle.net/10630/32546</subfield>
   </datafield>
   <datafield ind1="8" ind2=" " tag="024">
      <subfield code="a">10.5209/cuts.89183</subfield>
   </datafield>
   <datafield tag="653" ind2=" " ind1=" ">
      <subfield code="a">Graduados universitarios</subfield>
   </datafield>
   <datafield tag="653" ind2=" " ind1=" ">
      <subfield code="a">Mercado de trabajo</subfield>
   </datafield>
   <datafield ind2="0" ind1="0" tag="245">
      <subfield code="a">Inserción laboral de graduados en Trabajo Social: un estudio de caso en Andalucía.</subfield>
   </datafield>
</record>
</metadata></record></GetRecord></OAI-PMH>